000 00783nam a2200265Ia 4500
003 OSt
005 20220924115346.0
006 a|||||r|||| 00| 0
007 ta
008 220923b |||||||| |||| 00| 0 urd d
020 _a9387635694 (hbk)
020 _cINR 150.00
024 _a352304
037 _b2409, 03/03/2020, M.R. Publications
_cTextual
040 _aARTS
_cARTS
_burd
041 _2urd
_aurd
082 _aO168,8NKRx, Q9
100 _aKrack Iftekhar Wasi Au.
_9177948
245 0 _aKrach nama
260 _aDelhi
_bArshia publications India
_c2019
300 _a148p.
_ccm.
650 _aURDU SATIRE
942 _hO168,8NKRx, Q9
_cTEXL
_2CC
999 _c397994
_d397994